| 000 | 00369nam a22001457a 4500 | ||
|---|---|---|---|
| 020 | _qPB. | ||
| 040 | _cFIZZA ISHAQ | ||
| 082 |
_a658.45 _bMCC |
||
| 100 |
_aS,MCCOMB. _9108959 |
||
| 245 |
_aCOMPUTIONAL METHODS TO EXAMINE TEAM COMMUNICATION / _cMCCOMB S. |
||
| 250 | _a1ST EDITION. | ||
| 260 |
_aSPRINGER ; _bNEW YORK, _c2020. |
||
| 300 | _a196 P. ; | ||
| 942 |
_2ddc _cBK |
||
| 999 |
_c593238 _d593238 |
||